[Event "JBLN Ost 1819"]
[Site "Germany"]
[Date "2019.03.03"]
[Round "9.6"]
[White "Wadepfuhl, Jeremy"]
[Black "Foerster, Nico"]
[Result "1-0"]
[WhiteElo "1544"]
[BlackElo "1129"]
[PlyCount "81"]
[EventDate "2018.09.29"]
[EventType "team-tourn"]
[EventRounds "9"]
[EventCountry "GER"]
[SourceTitle "CBM 189 Extra"]
[Source "ChessBase"]
[SourceDate "2019.06.03"]
[SourceVersion "1"]
[SourceVersionDate "2019.06.03"]
[SourceQuality "1"]
[WhiteTeam "Borussia Lichtenberg"]
[BlackTeam "Anhalt"]
[WhiteTeamCountry "GER"]
[BlackTeamCountry "GER"]

1. b3 e5 2. Bb2 Nc6 3. e3 d5 4. Bb5 Bd6 5. f4 Qe7 6. Nf3 Bg4 7. Bxe5 Bxe5 8. fxe5 Bxf3 9. Qxf3 Qxe5 10. Nc3 Nge7 11. Bxc6+ bxc6 12. 0-0 0-0 13. Na4 Rad8 14. c3 Nc8 15. Qf4 Qe7 16. Qd4 Nb6 17. Nc5 Rd6 18. a4 Rg6 19. Rf2 a5 20. Raf1 Nd7 21. Nxd7 Qxd7 22. Qc5 Qd6 23. Qxa5 Rh6 24. g3 f6 25. b4 Re8 26. Qa7 Rg6 27. Rf4 Re4 28. Qc5 Qd7 29. Rxe4 dxe4 30. Qd4 Qc8 31. Qxe4 Qd7 32. Qd4 Qc8 33. Qc4+ Kh8 34. Qxc6 h6 35. Qe4 Rg5 36. a5 Qd7 37. a6 Qa4 38. Qa8+ Kh7 39. a7 Qd7 40. Qe4+ f5 41. Qf3 1-0